000
00375nam a22001337a 4500
003
SGT
020
_a
97893577589700
082
_a
891.4309
_b
K23S
100
_a
सिन्हा, मुग्धा
245
_a
क्या कहूँ मैं, मैं कौन हूँ
260
_b
वाणी प्रकाशन
_c
2023
300
_a
138
942
_2
ddc
_c
BK
999
_c
31412
_d
31412